Retrouvez les 15 pays les plus peuplés d'Amérique - Statistiques

Statistiques générales
  • Ce quiz a été pris 502 fois
  • Le résultat moyen est 12 sur 15
Statistiques - réponses
Classement Pays Population (en 2017) % Correct
6 Canada 36 624 199
99%
1 Etats-Unis 324 459 463
99%
3 Mexique 129 163 276
99%
2 Brésil 209 288 278
98%
5 Argentine 44 271 041
96%
9 Chili 18 054 726
92%
4 Colombie 49 065 615
91%
7 Pérou 32 165 485
86%
8 Venezuela 31 977 065
82%
12 Cuba 11 484 636
79%
13 Bolivie 11 051 600
78%
11 Equateur 16 624 858
78%
10 Guatemala 16 913 503
59%
14 Haïti 10 981 229
59%
15 République dominicaine 10 766 998
52%
Aucun quiz correspondant
Distribution des résultats
% des personnes avec chaque résultat
Percentile par nombre de réponses
Votre historique - résultats
Vous n’avez pas pris ce quiz